| 000 | 01095nkm a2200253 i 4500 | ||
|---|---|---|---|
| 001 | 72179 | ||
| 003 | ES-MaACL | ||
| 005 | 20250826082904.0 | ||
| 007 | ki cbb | ||
| 008 | 191118q1996 sp --- |10 ||spa d | ||
| 245 | 0 | 0 |
_aDurruti, obra gráfica [ _hMaterial gráfico] _b: 1896-1996. |
| 260 |
_a[Madrid : _bCGT, _c1996] |
||
| 300 |
_a1 carpeta ([6] h. de lám. col.) ; _c42 x 25 cm. |
||
| 505 | 8 |
_aContiene: 1 ; _tSin título / _rMario Castro Burgos - 2. -- _tSin título / _rAna Cristina Lapiedra Argachal - 3. -- _tSin título / _rMario Castro Burgos - 4. -- _tSin título / _rAna Pacios Bello - 5. -- _tDurruti / _rJuan Manuel Fernández Pera - 6. -- _tDurruti / _rJosé Carlos Rodríguez (Pin) |
|
| 597 | _aLám. guardadas en carpeta. | ||
| 600 | 1 | 7 |
_aDurruti, Buenaventura, _9241539 _2embne _d1896-1936 |
| 650 | 4 |
_99790 _aAnarquismo- _zEspaña |
|
| 710 | 2 |
_aConfederación General del Trabajo (España) _93161 |
|
| 852 |
_aES-MaACL _jGF-101 |
||
| 852 |
_aES-MaACL _jGF-102 |
||
| 942 |
_2udc _n0 |
||
| 999 |
_c72179 _d72179 |
||